The placenta : (Record no. 21072)
[ view plain ]
| 000 -LEADER | |
|---|---|
| fixed length control field | 06311cam a2200577Ia 4500 |
| 001 - CONTROL NUMBER | |
| control field | ocn728212508 |
| 003 - CONTROL NUMBER IDENTIFIER | |
| control field | OCoLC |
| 005 - DATE AND TIME OF LATEST TRANSACTION | |
| control field | 20220701010936.0 |
| 006 - FIXED-LENGTH DATA ELEMENTS--ADDITIONAL MATERIAL CHARACTERISTICS--GENERAL INFORMATION | |
| fixed length control field | m o d |
| 007 - PHYSICAL DESCRIPTION FIXED FIELD--GENERAL INFORMATION | |
| fixed length control field | cr cn||||||||| |
| 008 - FIXED-LENGTH DATA ELEMENTS--GENERAL INFORMATION | |
| fixed length control field | 110602s2011 enka ob 001 0 eng d |
| 040 ## - CATALOGING SOURCE | |
| Original cataloging agency | TXA |
| Language of cataloging | eng |
| Description conventions | pn |
| Transcribing agency | TXA |
| Modifying agency | TXA |
| -- | YDXCP |
| -- | DG1 |
| -- | E7B |
| -- | CDX |
| -- | OCLCQ |
| -- | OCLCF |
| -- | NLGGC |
| -- | UV0 |
| -- | AU@ |
| -- | OCLCQ |
| -- | COO |
| -- | OCLCQ |
| 019 ## - | |
| -- | 799165929 |
| 020 ## - INTERNATIONAL STANDARD BOOK NUMBER | |
| ISBN | 9781444393927 |
| Qualifying information | (electronic bk.) |
| 020 ## - INTERNATIONAL STANDARD BOOK NUMBER | |
| ISBN | 1444393928 |
| Qualifying information | (electronic bk.) |
| 020 ## - INTERNATIONAL STANDARD BOOK NUMBER | |
| ISBN | 9781444393903 |
| 020 ## - INTERNATIONAL STANDARD BOOK NUMBER | |
| ISBN | 1444393901 |
| 020 ## - INTERNATIONAL STANDARD BOOK NUMBER | |
| Cancelled/invalid ISBN | 9781444333664 |
| Qualifying information | (hardcover ; |
| -- | alk. paper) |
| 020 ## - INTERNATIONAL STANDARD BOOK NUMBER | |
| Cancelled/invalid ISBN | 1444333666 |
| Qualifying information | (hardcover ; |
| -- | alk. paper) |
| 029 1# - (OCLC) | |
| OCLC library identifier | AU@ |
| System control number | 000049584710 |
| 029 1# - (OCLC) | |
| OCLC library identifier | NLGGC |
| System control number | 389615110 |
| 029 1# - (OCLC) | |
| OCLC library identifier | NZ1 |
| System control number | 14837982 |
| 029 1# - (OCLC) | |
| OCLC library identifier | DEBBG |
| System control number | BV043393117 |
| 035 ## - SYSTEM CONTROL NUMBER | |
| System control number | (OCoLC)728212508 |
| Canceled/invalid control number | (OCoLC)799165929 |
| 050 #4 - LIBRARY OF CONGRESS CALL NUMBER | |
| Classification number | RG591 |
| Item number | .P56 2011eb |
| 082 04 - DEWEY DECIMAL CLASSIFICATION NUMBER | |
| Classification number | 618.2 |
| Edition number | 22 |
| 049 ## - LOCAL HOLDINGS (OCLC) | |
| Holding library | MAIN |
| 245 04 - TITLE STATEMENT | |
| Title | The placenta : |
| Remainder of title | from development to disease / |
| Statement of responsibility, etc | edited by Helen H. Kay, D. Michael Nelson, Yuping Wang. |
| 260 ## - PUBLICATION, DISTRIBUTION, ETC. (IMPRINT) | |
| Place of publication, distribution, etc | Chichester, West Sussex : |
| Name of publisher, distributor, etc | Wiley-Blackwell, |
| Date of publication, distribution, etc | 2011. |
| 300 ## - PHYSICAL DESCRIPTION | |
| Extent | 1 online resource (xiii, 346 pages) : |
| Other physical details | illustrations (chiefly color) |
| 336 ## - | |
| -- | text |
| -- | txt |
| -- | rdacontent |
| 337 ## - | |
| -- | computer |
| -- | c |
| -- | rdamedia |
| 338 ## - | |
| -- | online resource |
| -- | cr |
| -- | rdacarrier |
| 504 ## - BIBLIOGRAPHY, ETC. NOTE | |
| Bibliography, etc | Includes bibliographical references and index. |
| 505 0# - FORMATTED CONTENTS NOTE | |
| Formatted contents note | Front Matter -- Fetal Origins of Adult Disease/Programming. Maternal Undernutrition and Fetal Programming: Role of the Placenta / Louiza Belkacemi, D Michael Nelson, Mina Desai, Michael G Ross -- Cardiovascular Health and Maternal Placental Syndromes / Shahzya S Huda, Ian A Greer -- Placental Development, Physiology, and Immunology. Development and Anatomy of the Human Placenta / Roxane Rampersad, Mila Cervar-Zivkovic, D Michael Nelson -- Immunologic Aspects of Pregnancy / Joan S Hunt, Margaret G Petroff -- Vascular Development in the Placenta / Berthold Huppertz -- Hypoxia and the Placenta / Stacy Zamudio -- Placental Metabolism / Nicholas P Illsley -- Placental Hormones: Physiology, Disease, and Prenatal Diagnosis / Jennifer M McNamara, Helen H Kay -- Placental Transfer in Health and Disease / Caroline Wright, Colin P Sibley -- Placental Fat Trafficking / Christina Scifres, Yoel Sadovsky -- Maternal-Fetal Cell Trafficking and Microchimerism / Hilary S Gammill, Suzanne E Peterson, J Lee Nelson -- Imprinting in the Human Placenta / Shu Wen, Ignatia B Van den Veyver -- Placental Membranes and Amniotic Fluid Retention / Marie H Beall, Michael G Ross -- Examination of the Placenta, Membranes, and Cord. Examination of the Placenta, Membranes and Cord: Basic Examination / Frederick T Kraus -- The Umbilical Cord / Raymond W Redline -- Ultrasound Imaging and Doppler Studies of the Placenta / Methodius G Tuuli, Anthony O Odibo -- Magnetic Resonance Imaging (MRI) and Positron Emission Tomography (PET) of the Placenta / Christine H Comstock, Helen H Kay -- Chorionic Villus Sampling and Amniocentesis / Marion S Verp -- Cordocentesis and Fetoscopy / Cristiano Jodicke, Ray Bahado-Singh -- Research Techniques to Study the Placenta. Trophoblast Isolation and Culture / Mila Cervar-Zivkovic, Christina Stern -- Isolation and Culture of Human Umbilical Vein Endothelial Cells / Yuping Wang -- Perfusion Technique for Studying the Placenta Cotyledon / Leslie Myatt -- Three-Dimensional Culture Modeling of the Placenta / Douglas A Kniss, Teng Ma -- The Use of Ultrasound Contrast Agents in Placental Imaging / Jacques S Abramowicz -- Microscopy and the Placenta / William E Ackerman, Toshihiro Takizawa, John M Robinson -- Proteomics and the Placenta / Gregory E Rice -- Stable Isotope Methodologies for the Study of Transport and Metabolism In Vivo / Irene Cetin, Chiara Manḍ -- Medical Diseases and Complications. The Role of the Placenta in Autoimmune Disease and Early Pregnancy Loss / Daniel L Jackson, Danny J Schust -- The Placenta in Preterm Prelabor Rupture of Membranes and Preterm Labor / Chong Jai Kim, Roberto Romero, Sonia S Hassan -- Diabetes and the Placenta / Ursula Hiden, Julia Froehlich, Gernot Desoye -- Placental Origins of Intrauterine Growth Restriction / Ian P Crocker -- The Placenta in Preeclampsia / Fiona Lyall -- Thrombophilia and the Placenta / Christina S Han, Michael J Paidas -- Infections in the Placenta / Samuel Parry -- Aneuploidy and Polyploidy / Dan Diego-Alvarez, Wendy P Robinson -- Gestational Trophoblastic Disease and Placental Tumors / Katja Gwin, Aliya N Husain -- Multiple Gestation and Twin-Twin Transfusion Syndrome / Ramesha Papanna, Kenneth Moise -- Previa and Abruption / Helen H Kay -- The Placenta as a Functional Barrier to Fetal Drug Exposure / Tatiana N Nanovskaya, Gary D V Hankins, Mahmoud S Ahmed -- Placental Drug Transport / Clifford W Mason, Carl P Weiner -- Future Clinical Applications. Umbilical Cord Blood Banking / Gilad A Gross, Thinh Nguyen, Laura Meints -- Stem Cells from the Placenta / Thaddeus G Golos -- Fetal DNA, RNA, and Prenatal Diagnosis / Olav Lapaire, Wolfgang Holzgreve -- Index. |
| 588 0# - | |
| -- | Print version record. |
| 520 ## - SUMMARY, ETC. | |
| Summary, etc | The Placenta: From Development to Disease examines research into placental function and its clinical implications to provide a springboard for improving clinical practice and enhancing medical research. Influential information is extracted from the compelling narrative by the use of 'take home' features including: Clinical Pearls - point to important issues in clinical practiceResearch Spotlights - highlight key insights into placental understandingTeaching Points - explain basic concepts for novice readersThe Placenta: From Development to Disease is ideal for both experienced clinicians and r. |
| 650 #0 - SUBJECT ADDED ENTRY--TOPICAL TERM | |
| Topical term or geographic name as entry element | Placenta |
| General subdivision | Diseases. |
| 650 #0 - SUBJECT ADDED ENTRY--TOPICAL TERM | |
| Topical term or geographic name as entry element | Placenta. |
| 650 #2 - SUBJECT ADDED ENTRY--TOPICAL TERM | |
| Topical term or geographic name as entry element | Placenta. |
| 650 #2 - SUBJECT ADDED ENTRY--TOPICAL TERM | |
| Topical term or geographic name as entry element | Placenta Diseases. |
| 650 #7 - SUBJECT ADDED ENTRY--TOPICAL TERM | |
| Topical term or geographic name as entry element | Placenta. |
| Source of heading or term | fast |
| -- | (OCoLC)fst01064993 |
| 650 #7 - SUBJECT ADDED ENTRY--TOPICAL TERM | |
| Topical term or geographic name as entry element | Placenta |
| General subdivision | Diseases. |
| Source of heading or term | fast |
| -- | (OCoLC)fst01064996 |
| 655 #4 - INDEX TERM--GENRE/FORM | |
| Genre/form data or focus term | Electronic books. |
| 700 1# - ADDED ENTRY--PERSONAL NAME | |
| Personal name | Kay, Helen H. |
| 700 1# - ADDED ENTRY--PERSONAL NAME | |
| Personal name | Nelson, D. Michael. |
| 700 1# - ADDED ENTRY--PERSONAL NAME | |
| Personal name | Wang, Yuping, |
| Titles and other words associated with a name | MD. |
| 776 08 - ADDITIONAL PHYSICAL FORM ENTRY | |
| Display text | Print version: |
| Title | Placenta. |
| Place, publisher, and date of publication | Chichester, West Sussex : Wiley-Blackwell, 2011 |
| Record control number | (DLC) 2010036448 |
| -- | (OCoLC)660502609 |
| 856 40 - ELECTRONIC LOCATION AND ACCESS | |
| Uniform Resource Identifier | <a href="http://dx.doi.org/10.1002/9781444393927">http://dx.doi.org/10.1002/9781444393927</a> |
| Public note | Wiley Online Library |
| 994 ## - | |
| -- | 92 |
| -- | DG1 |
No items available.